| 000 | 00791nam a2200229Ia 4500 | ||
|---|---|---|---|
| 001 | 8530 | ||
| 003 | GE_BSU | ||
| 008 | 181216s||||||||xx |||||||||||||| ||und|| | ||
| 040 | _cGE_BSU | ||
| 080 | _a821.353.1-32 | ||
| 100 | _aზედგინიძე,ელიზბარ. | ||
| 245 | _aდაუვიწყარი ზაფხული. | ||
| 245 | _bმოთხრობები. | ||
| 245 | _cმხატვ:მ.მერაბიშვილი;რედ:მ.ბაკურაძე. | ||
| 260 | _aთბილისი. | ||
| 260 | _bსახელგამი. | ||
| 260 | _c1952. | ||
| 300 | _a170გვ;1ფ.პორტრ;21სმ. | ||
| 653 | _aდაუვიწყარი ზაფხული. | ||
| 653 | _aმოთხრობები. | ||
| 942 | _cBK | ||
| 999 |
_c41847 _d41847 |
||